00551nam a2200169Ia 4500003000900000008004100009040001600050080002500066110003300091245011600124260005000240300000800290500001900298650001800317650002500335650002100360IN-BaIIA211028s9999 xx 000 0 eng d cIIA Library a083.7:674.048.4bISI aIndian Standards Institution 0aIndian standard method for laboratory testing of wood preservatives against fungicIndian Standards Institution aNew DelhibIndian Standards Institutionc1969 a7p. aIS 4873 : 1968 a Standards  a Wood Preservatives aNASA Thesaurus